000
00302nam a22001337a 4500
008
180224b xxu||||| |||| 00| 0 eng d
020
_a
18058
041
_a
eng
080
_a
371
100
_a
25
101
_a
EDU
245
_a
Style: Ten Lessons in Clarity & Grace
_c
Williams, J.M
942
_2
udc
_c
BK
999
_c
43364
_d
43364